<?xml version="1.0" encoding="UTF-8"?>
<marc:record xmlns:marc="http://www.loc.gov/MARC21/slim">
   <marc:leader>00000nam a2200000 a 4500</marc:leader>
   <marc:datafield ind1="1" ind2=" " tag="100">
      <marc:subfield code="a">Maas, Sarah J.</marc:subfield>
      <marc:subfield code="4">aut</marc:subfield>
      <marc:subfield code="e">Verfasser/-in</marc:subfield>
   </marc:datafield>
   <marc:datafield ind1=" " ind2=" " tag="653">
      <marc:subfield code="a">Weibliche Jugend</marc:subfield>
   </marc:datafield>
   <marc:datafield ind1=" " ind2=" " tag="653">
      <marc:subfield code="a">Fee</marc:subfield>
   </marc:datafield>
   <marc:datafield ind1=" " ind2=" " tag="653">
      <marc:subfield code="a">Gehirn</marc:subfield>
   </marc:datafield>
   <marc:datafield ind1=" " ind2=" " tag="653">
      <marc:subfield code="a">Gedächtnis</marc:subfield>
   </marc:datafield>
   <marc:datafield ind1=" " ind2=" " tag="653">
      <marc:subfield code="a">Dimensionen</marc:subfield>
   </marc:datafield>
   <marc:datafield ind1="0" ind2="0" tag="245">
      <marc:subfield code="a">Das Reich der sieben Höfe - Sterne und Schwerter</marc:subfield>
   </marc:datafield>
   <marc:datafield ind1="0" ind2="0" tag="245">
      <marc:subfield code="b">Jugendroman ab 14 Jahren; Bd. 3</marc:subfield>
   </marc:datafield>
   <marc:datafield ind1=" " ind2="1" tag="264">
      <marc:subfield code="b">dtv Verlagsgesellschaft mbH und Co KG</marc:subfield>
      <marc:subfield code="c">2017</marc:subfield>
   </marc:datafield>
   <marc:datafield ind1="1" ind2=" " tag="490">
      <marc:subfield code="a">Das Reich der sieben Höfe</marc:subfield>
   </marc:datafield>
   <marc:datafield ind1="1" ind2=" " tag="520">
      <marc:subfield code="a">Klappentext: Feyre hat ihren Seelengefährten gefunden. Doch es ist nicht Tamlin, sondern Rhys. Trotzdem kehrt sie an den Frühlingshof zurück, um mehr über Tamlins Pläne herauszufinden. Er ist auf einen gefährlichen Handel mit dem König von Hybern eingegangen und der will nur eins - Krieg. Feyre lässt sich damit auf ein gefährliches Doppelspiel ein, denn niemand darf von ihrer Verbindung zu Rhys erfahren. Eine Unachtsamkeit würde den sicheren Untergang nicht nur für Feyre, sondern für ganz Prythian bedeuten. Doch wie lange kann sie ihre Absichten geheim halten, wenn es Wesen gibt, die mühelos in Feyres Gedanken eindringen können?  Über den Autor und weitere Mitwirkende Sarah J. Maas wuchs in Manhattan auf und lebt seit einiger Zeit mit Mann und Hund in Pennsylvania. Bereits mit dem ersten Entwurf zu øThrone of Glassï sorgte sie für Furore: Mit 16 veröffentlichte sie øQueen of Glassï (so der damalige Titel) auf einem Online-Forum für Autoren und initiierte damit eines der frühesten Online-Phänomene weltweit.</marc:subfield>
   </marc:datafield>
   <marc:datafield ind1=" " ind2=" " tag="020">
      <marc:subfield code="a">9783423762069</marc:subfield>
      <marc:subfield code="9">9783423762069</marc:subfield>
   </marc:datafield>
</marc:record>
